000 00503nam a2200181Ia 4500
999 _c29039
_d29039
003 OSt
005 20201103103302.0
008 190216s9999||||xx |||||||||||||| ||und||
020 _a8126414707
040 _coclc923.1
082 _a923.1
_bBAL/T
100 _aBalakrishnan, P K
_91791
245 0 _aTippu Sulthan /
_cP K Balakrishnan
260 _bDc Books ,
_aKottayam:
_c2007.
300 _a208p
650 _aJeeva Charithram
942 _cBK
_2ddc
_h923.1
_iBAL/T
_k923.1
_mBAL/T